000 00360pab a2200157 454500
008 180718b1999 xxu||||| |||| 00| 0 eng d
100 _aGill, K.P.S.
245 _aElectoral agenda for India as a nation
260 _c1999
300 _ap.8
362 _a1 May
650 _aElections - India
650 _aElections
773 _aPioneer
909 _a42341
999 _c42341
_d42341